<?xml version="1.0" encoding="UTF-8"?>
<marc:record xmlns:marc="http://www.loc.gov/MARC21/slim">
   <marc:leader>00000nam a2200000 a 4500</marc:leader>
   <marc:datafield ind1=" " ind2=" " tag="653">
      <marc:subfield code="a">Religionsunterricht</marc:subfield>
   </marc:datafield>
   <marc:datafield ind1=" " ind2=" " tag="653">
      <marc:subfield code="a">Messfeier</marc:subfield>
   </marc:datafield>
   <marc:datafield ind1=" " ind2=" " tag="653">
      <marc:subfield code="a">Gottesdienst</marc:subfield>
   </marc:datafield>
   <marc:datafield ind1="0" ind2="0" tag="245">
      <marc:subfield code="a">Ich gehe zur Messe</marc:subfield>
   </marc:datafield>
   <marc:datafield ind1="0" ind2="0" tag="245">
      <marc:subfield code="c">[Ill. : Astrid Krömer. Texte: Vera Marquardt]</marc:subfield>
   </marc:datafield>
   <marc:datafield ind1=" " ind2="1" tag="264">
      <marc:subfield code="a">Kevelaer</marc:subfield>
      <marc:subfield code="b">Butzon und Bercker</marc:subfield>
      <marc:subfield code="c">2012</marc:subfield>
   </marc:datafield>
   <marc:datafield ind1="1" ind2=" " tag="490">
      <marc:subfield code="a">Meine bunte Glaubenswelt</marc:subfield>
   </marc:datafield>
   <marc:datafield ind1="1" ind2=" " tag="520">
      <marc:subfield code="a">Quelle: bn.bibliotheksnachrichten (http://www.biblio.at/literatur/bn/index.html); #Autor: Gabriele Doblhammer; #Begleitbuch für die Eucharistiefeier. (ab 2) (JP)#Sieben Doppelseiten erklären kleinen Kindern Elemente im Ablauf einer Messe: Am Eingang nimmt die Familie Weihwasser, der Priester mit den MinistrantInnen zieht ein, Lesung, Gabenbereitung, Hochgebet, Kommunion und Schlusssegen folgen.#Die Bilder zeigen einen modernen Kirchenraum, jedoch steht der Priester zumeist im Mittelpunkt, Laien als Mitwirkende tauchen nur bei der Lesung und Kollekte auf. Auch die Kinder dürfen in dieser Feier nur zuhören. In dem kurzen Text werden sie zwei Mal darauf hingewiesen, dass sie nicht streiten und immer gut zueinander sein sollen. Und man taucht nur die Fingerspitzen ins Weihwasserbecken! Insgesamt ist das eher eine Anleitung zum Bravsein als eine pädagogisch-theologische Hinführung zur Messe.</marc:subfield>
   </marc:datafield>
   <marc:datafield ind1=" " ind2=" " tag="020">
      <marc:subfield code="a">9783766616470</marc:subfield>
      <marc:subfield code="9">9783766616470</marc:subfield>
   </marc:datafield>
   <marc:datafield ind1=" " ind2=" " tag="041">
      <marc:subfield code="a">ger</marc:subfield>
   </marc:datafield>
   <marc:datafield ind1=" " ind2=" " tag="300">
      <marc:subfield code="a">[8] Bl.</marc:subfield>
   </marc:datafield>
</marc:record>
